01512naa a2200241 i 4500001000400000003000400004005001700008008003900025040000800064041000800072044000800080080001200088100014100100245010900241260001000350500012400360520039300484650002600877655003000903700013800933711011601071773008301187BPPBPK20180502104331.0151124s2001 pl f |100 0 eng cBPK aeng aPOL a004.021 aDRABAREK, Józef.d1997 - .bPolitechnika Koszalińska - Wydział Elektroniki,cKatedra Systemów Cyfrowego Przetwarzania Sygnałów aGenetic algorithm applied to generate new rules for an expert system /cJózef Drabarek, Robert Wirski. c2001. asprawozdanie jednostki (Informator o publikowanych wynikach prac naukowo-badawczych w 2001 roku Wydziału Elektroniki). aThe paper presents a genetic algorithm applied to generate new rules for an expert system. The knowledge representation language adapted to genetic expert system is given. The genetic algorithm as the block diagram is given, and the heuristic fitness function as a Matlab m-file is presented and discussed. The genetic algorithm simulation results for radar set transmitter are presented. 0aAlgorytmy genetyczne. 0aMateriały konferencyjne. aWIRSKI, Robert.d1996 - .bPolitechnika Koszalińska - Wydział Elektroniki,cKatedra Systemów Cyfrowego Przetwarzania Sygnałów aInternational Conference on Signals and Electronic Systems ICSES'2001d(2001 ;cŁódź, Polska).pICSES'2002 iW : tProc.of International Conference ICSES. -dŁódź 2001. -gs. 451-456